Nueva enciclopedia autodidástica / (Record no. 6616)

000 -CABECERA
fixed length control field 00938nam a22002297a 4500
003 - IDENTIFICADOR DEL NÚMERO DE CONTROL
control field AR-CdUCM
008 - DATOS DE LONGITUD FIJA--INFORMACIÓN GENERAL
fixed length control field 190318b ||||| |||| 00| 0 spa d
020 ## - NÚMERO INTERNACIONAL ESTÁNDAR DEL LIBRO
ISBN 9972-625-11-7
040 ## - FUENTE DE LA CATALOGACIÓN
Agencia/entidad que catalogó originalmente la obra MUNICIPALIDAD PROVINCIAL DEL CUSCO
Entidad que transcribió la catalogación BIBLIOTECA MUNICIPAL DEL CUSCO
082 ## - NÚMERO DE LA CLASIFICACIÓN DECIMAL DEWEY
No. de Clasificación 036 /
Notacion interna N89
110 ## - ENTRADA PRINCIPAL--NOMBRE DE ENTIDAD CORPORATIVA
Nombre de la institución, jurisdicción como entrada principal Lexus editores
9 (RLIN) 18613
245 ## - MENCIÓN DE TÍTULO
Título Nueva enciclopedia autodidástica /
260 ## - PUBLICACIÓN, DISTRIBUCIÓN, ETC.
Lugar de publicación, distribución, etc. Barcelona :
Nombre de la editorial, distribuidor, etc. Lexus editores,
Fecha de publicación, distribución, etc. 1999.
300 ## - DESCRIPCIÓN FÍSICA
Nº de Páginas Extensión 7 tomos ;
Otros detalles físicos ilustraciones, mapas, cuadros,
Dimensiones 27 cm.
505 ## - NOTA DE CONTENIDO CON FORMATO
Nota de contenido formateada Contenido: t.1: Literatura y filosofía -- t.2: Lingüística y arte -- t.3: Geografía -- t.4: Historia -- t.5: Geología, astronomía, zoología e informática -- t.6: Física, química y matemáticas -- t.7: Dibujo, música, economía y psicología.
650 ## - PUNTO DE ACCESO ADICIONAL DE MATERIA--TÉRMINO DE MATERIA
Descriptor Enciclopedias
9 (RLIN) 6681
650 ## - PUNTO DE ACCESO ADICIONAL DE MATERIA--TÉRMINO DE MATERIA
Descriptor Geografía, historia
9 (RLIN) 18614
650 ## - PUNTO DE ACCESO ADICIONAL DE MATERIA--TÉRMINO DE MATERIA
Descriptor Universo
9 (RLIN) 18615
650 ## - PUNTO DE ACCESO ADICIONAL DE MATERIA--TÉRMINO DE MATERIA
Descriptor Naturaleza
9 (RLIN) 4241
942 ## - ELEMENTOS DE PUNTO DE ACCESO ADICIONAL (KOHA)
Fuente de clasificación
Tipo de item Libros-BMC
945 ## - PROCESAMIENTO DE INFORMACIÓN LOCAL (OCLC)
Catalogador achl
Holdings
Estado de retiro (separado) Fuente de clasificación o esquema de estanterías Estado dañado Ubicación Sala donde se ubica Nombre de la colección Fecha de adquisición o compra Costo, precio normal en soles Signatura topográfica Código de Barras Última vez visto (Koha) Tipo de ítem (Koha)
No     Sala Humanidades Sala Humanidades Book Cart 2019-03-18 40.00 030 / L54 / t.1 SH0000007872 2019-03-18 Libros-BMC
No     Sala Humanidades Sala Humanidades Book Cart 2019-03-18 40.00 030 / L54 / t.2 SH0000007873 2019-03-18 Libros-BMC
No     Sala Humanidades Sala Humanidades Book Cart 2019-03-18 40.00 030 / L54 / t.3 SH0000007874 2019-03-18 Libros-BMC
No     Sala Humanidades Sala Humanidades Book Cart 2019-03-18 40.00 030 / L54 / t.4 SH0000007875 2019-03-18 Libros-BMC
No     Sala Humanidades Sala Humanidades Book Cart 2019-03-18 40.00 030 / L54 / t.5 SH0000007876 2019-03-18 Libros-BMC
No     Sala Humanidades Sala Humanidades Book Cart 2019-03-18 40.00 030 / L54 / t.7 SH0000007877 2019-03-18 Libros-BMC
No     Sala Humanidades Sala Humanidades Book Cart 2019-03-18 40.00 030 / L54 / t.8 SH0000007878 2019-03-18 Libros-BMC

Powered by Koha